Distritos do Tocantins em um Mapa - Statistics

Estatísticas Gerais
  • Esse quiz foi jogado 31 vezes
  • A pontuação média é 26 de 157
Respostas no mapa
Respostas codificadas por cores de uma escala verde-vermelha no mapa do quiz de acordo com a % correta abaixo.
 
Estatísticas das Respostas
Município Distrito % Correto
Palmas Palmas
92%
Araguaína Araguaína
60%
Porto Nacional Porto Nacional
52%
Araguatins Araguatins
48%
Gurupi Gurupi
44%
Tocantinópolis Tocantinópolis
40%
Paraíso do Tocantins Paraíso do Tocantins
36%
Almas Almas
32%
Aguiarnópolis Aguiarnópolis
28%
Arapoema Arapoema
28%
Arraias Arraias
28%
Esperantina Esperantina
28%
Filadélfia Filadélfia
28%
Formoso do Araguaia Formoso do Araguaia
28%
Guaraí Guaraí
28%
Miranorte Miranorte
28%
Natividade Natividade
28%
Abreulândia Abreulândia
24%
Aragominas Aragominas
24%
Araguacema Araguacema
24%
Babaçulândia Babaçulândia
24%
Colinas do Tocantins Colinas do Tocantins
24%
Colméia Colméia
24%
Fátima Fátima
24%
Goiatins Goiatins
24%
Miracema do Tocantins Miracema do Tocantins
24%
Pedro Afonso Pedro Afonso
24%
Porto Alegre do Tocantins Porto Alegre do Tocantins
24%
Wanderlândia Wanderlândia
24%
Xambioá Xambioá
24%
Aliança do Tocantins Aliança do Tocantins
20%
Alvorada Alvorada
20%
Augustinópolis Augustinópolis
20%
Barrolândia Barrolândia
20%
Buriti do Tocantins Buriti do Tocantins
20%
Campos Lindos Campos Lindos
20%
Darcinópolis Darcinópolis
20%
Dianópolis Dianópolis
20%
Divinópolis do Tocantins Divinópolis do Tocantins
20%
Figueirópolis Figueirópolis
20%
Lagoa da Confusão Lagoa da Confusão
20%
Lajeado Lajeado
20%
Peixe Peixe
20%
São Miguel do Tocantins São Miguel do Tocantins
20%
Araguaçu Araguaçu
16%
Araguanã Araguanã
16%
Bom Jesus do Tocantins Bom Jesus do Tocantins
16%
Brejinho de Nazaré Brejinho de Nazaré
16%
Cachoeirinha Cachoeirinha
16%
Cariri do Tocantins Cariri do Tocantins
16%
Chapada da Natividade Chapada da Natividade
16%
Combinado Combinado
16%
Conceição do Tocantins Conceição do Tocantins
16%
Cristalândia Cristalândia
16%
Dois Irmãos do Tocantins Dois Irmãos do Tocantins
16%
Dueré Dueré
16%
Lagoa do Tocantins Lagoa do Tocantins
16%
Lavandeira Lavandeira
16%
Luzinópolis Luzinópolis
16%
Mateiros Mateiros
16%
Monte do Carmo Monte do Carmo
16%
Nova Olinda Nova Olinda
16%
Novo Acordo Novo Acordo
16%
Novo Alegre Novo Alegre
16%
Novo Jardim Novo Jardim
16%
Oliveira de Fátima Oliveira de Fátima
16%
Paranã Paranã
16%
Pau D'Arco Pau D'Arco
16%
Pindorama do Tocantins Pindorama do Tocantins
16%
Pium Pium
16%
Ponte Alta do Bom Jesus Ponte Alta do Bom Jesus
16%
Ponte Alta do Tocantins Ponte Alta do Tocantins
16%
Presidente Kennedy Presidente Kennedy
16%
Pugmil Pugmil
16%
Riachinho Riachinho
16%
Rio da Conceição Rio da Conceição
16%
Sandolândia Sandolândia
16%
Santa Maria do Tocantins Santa Maria do Tocantins
16%
Santa Rosa do Tocantins Santa Rosa do Tocantins
16%
São Bento do Tocantins São Bento do Tocantins
16%
São Félix do Tocantins São Félix do Tocantins
16%
São Salvadordo Tocantins São Salvadordo Tocantins
16%
São Sebastiãodo Tocantins São Sebastiãodo Tocantins
16%
São Valério São Valério
16%
Silvanópolis Silvanópolis
16%
Taguatinga Taguatinga
16%
Talismã Talismã
16%
Tocantínia Tocantínia
16%
Ananás Ananás
12%
Angico Angico
12%
Aparecida do Rio Negro Aparecida do Rio Negro
12%
Aurora do Tocantins Aurora do Tocantins
12%
Axixá do Tocantins Axixá do Tocantins
12%
Bandeirantesdo Tocantins Bandeirantesdo Tocantins
12%
Barra do Ouro Barra do Ouro
12%
Bernardo Sayão Bernardo Sayão
12%
Brasilândia do Tocantins Brasilândia do Tocantins
12%
Carmolândia Carmolândia
12%
Carrasco Bonito Carrasco Bonito
12%
Caseara Caseara
12%
Centenário Centenário
12%
Chapada de Areia Chapada de Areia
12%
Couto Magalhães Couto Magalhães
12%
Crixás do Tocantins Crixás do Tocantins
12%
Goianorte Goianorte
12%
Ipueiras Ipueiras
12%
Itacajá Itacajá
12%
Itaguatins Itaguatins
12%
Itapiratins Itapiratins
12%
Itaporã do Tocantins Itaporã do Tocantins
12%
Jaú do Tocantins Jaú do Tocantins
12%
Juarina Juarina
12%
Lizarda Lizarda
12%
Porto Nacional Luzimangues
12%
Marianópolisdo Tocantins Marianópolisdo Tocantins
12%
Maurilândia do Tocantins Maurilândia do Tocantins
12%
Monte Santodo Tocantins Monte Santodo Tocantins
12%
Muricilândia Muricilândia
12%
Nazaré Nazaré
12%
Nova Rosalândia Nova Rosalândia
12%
Palmeirante Palmeirante
12%
Palmeiras do Tocantins Palmeiras do Tocantins
12%
Palmeirópolis Palmeirópolis
12%
Pequizeiro Pequizeiro
12%
Piraquê Piraquê
12%
Praia Norte Praia Norte
12%
Recursolândia Recursolândia
12%
Rio dos Bois Rio dos Bois
12%
Rio Sono Rio Sono
12%
Sampaio Sampaio
12%
Santa Fé do Araguaia Santa Fé do Araguaia
12%
Santa Terezado Tocantins Santa Terezado Tocantins
12%
Santa Terezinhado Tocantins Santa Terezinhado Tocantins
12%
Sucupira Sucupira
12%
Tabocão Tabocão
12%
Tupirama Tupirama
12%
Tupiratins Tupiratins
12%
Santa Rita do Tocantins Santa Rita do Tocantins
8%
Sítio Novo do Tocantins Sítio Novo do Tocantins
8%
Taipas do Tocantins Taipas do Tocantins
8%
Palmas Taquaruçu
8%
Filadélfia Bielândia
4%
Palmas Buritirana
4%
Arraias Cana Brava
4%
Araguatins Natal
4%
Lizarda Alto Bonito
0%
Goiatins Alto Lindo
0%
Paranã Bom Jesus da Palma
0%
Paranã Campo Alegre
0%
Santa Rosa do Tocantins Cangas
0%
Goiatins Cartucho
0%
Goiatins Craolândia
0%
Guaraí Mirandópolis
0%
Santa Rosa do Tocantins Morro de São João
0%
Pedro Afonso Porto Real
0%
Natividade Príncipe
0%
Aragominas Reunidas
0%
Nenhum quiz correspondente encontrado
Distribuição das Pontuações
Porcentagem de Pessoas com Cada Pontuação
Percentil de Números Respondidos
Sua Pontuação Histórica
Você não jogou esse quiz